Statistics for Biggest Cities in Kazakhstan

Click here to take the quiz!

General Stats

  • This quiz has been taken 59 times
    (27 since last reset)
  • The average score is 5 of 15

Answer Stats

Population Answer % Correct
1,078,362Nur-Sultan
96%
1,854,556Almaty
91%
1,011,511Shymkent
57%
429,462Aqtóbe
43%
333,818Pavlodar
39%
239,042Qyzylorda
39%
218,056Petropavl
39%
242,997Qostanaı
35%
183,006Aqtaý
35%
323,199Semeı
30%
357,528Taraz
22%
234,167Oral
22%
497,767Qaraǵandy
0%
331,597Óskemen
0%
269,704Atyraý
0%

Score Distribution

Percentile by Number Answered

Percent of People with Each Score

Your Score History

You have not taken this quiz since the last reset